000 00856nam a22002057a 4500
003 BD-DhUL
005 20180411100038.0
008 180411s2018 bg ||||| |||| 00| 0 ben
020 _a97898490080710
040 _aBD-DhUL
_cBD-DhUL
082 _222
_a954.92
_bBAN
245 _aবাঙালি জাতির কলঙ্কিত অধ্যায় :
_bরক্তাক্ত ১৫ আগস্ট /
_c সম্পাদক , আনু মাহমুদ।
260 _aঢাকা :
_bন্যাশনাল,
_c২০১৮ ।
300 _a৭১৯ পৃ. :
_bসম্মুুখ চিত্র ;
_c২২ সেমি
365 _aBDT
_b1000
651 0 _aবাংলাদেশ
_xইতিহাস
651 0 _aBangladesh
_xHistory
700 _aমাহমুদ, আনু
_e সম্পাদক
942 _2ddc
_cBK
999 _c240256
_d240256